| 000 | 01263 a2200277 4500 | ||
|---|---|---|---|
| 999 |
_c10594 _d10594 |
||
| 020 | _a9781853396250 | ||
| 020 | _a1853396257 | ||
| 050 | 0 | 0 | _aTP829. MAS 2007 |
| 100 | 1 |
_aMason, Kelvin. _dauthor |
|
| 245 | 1 | 0 |
_aFuel for free? : _bwaste materials in brickmaking / _cKelvin Mason. |
| 264 |
_aWackshire: _bPractical action publishing., _c2007 |
||
| 300 |
_axiii, 162 p. : _bill., maps ; |
||
| 500 | _aIncludes bibliographical references (p. [151]-155) and index | ||
| 504 | _aIncludes bibliographical references (p. [151]-155) and index. | ||
| 650 | 0 | _aBrickmaking machinery. | |
| 650 | 0 | _aWaste products as fuel. | |
| 650 | 0 |
_aBrickmaking _xEnvironmental aspects. |
|
| 650 | 0 |
_aBrickmaking _xEnergy consumption. |
|
| 650 | 0 |
_aWaste products as fuel _xEconomic aspects. |
|
| 650 | 0 |
_aBrickmaking _xEconomic aspects. |
|
| 856 | 4 | 2 |
_3Contributor biographical information _uhttp://www.loc.gov/catdir/enhancements/fy1116/2008353632-b.html |
| 856 | 4 | 2 |
_3Publisher description _uhttp://www.loc.gov/catdir/enhancements/fy1116/2008353632-d.html |
| 856 | 4 | 1 |
_3Table of contents only _uhttp://www.loc.gov/catdir/enhancements/fy1116/2008353632-t.html |
| 942 |
_2lcc _cBK _h829 _iMAS _kTP |
||